What magnets can do / (Record no. 2025)

MARC details
000 -LEADER
fixed length control field 01008pam a2200349 a 4500
001 - CONTROL NUMBER
control field 2025
003 - CONTROL NUMBER IDENTIFIER
control field FISK9780516460345H
005 - DATE AND TIME OF LATEST TRANSACTION
control field 20250821131441.0
008 - FIXED-LENGTH DATA ELEMENTS--GENERAL INFORMATION
fixed length control field 940915s1995 ilua j 001 0 eng
010 ## - LIBRARY OF CONGRESS CONTROL NUMBER
LC control number 94035628
020 ## - INTERNATIONAL STANDARD BOOK NUMBER
International Standard Book Number 0516060341
020 ## - INTERNATIONAL STANDARD BOOK NUMBER
International Standard Book Number 9780516460345
040 ## - CATALOGING SOURCE
Original cataloging agency DLC
Transcribing agency DLC
Modifying agency DLC
Language of cataloging eng
042 ## - AUTHENTICATION CODE
Authentication code lcac
050 00 - LIBRARY OF CONGRESS CALL NUMBER
Classification number QC753.7
Item number .F69 1995
082 00 - DEWEY DECIMAL CLASSIFICATION NUMBER
Classification number 538
Edition number 20
100 1# - MAIN ENTRY--PERSONAL NAME
Personal name Fowler, Allan.
245 10 - TITLE STATEMENT
Title What magnets can do /
Statement of responsibility, etc. by Allan Fowler
260 ## - PUBLICATION, DISTRIBUTION, ETC.
Place of publication, distribution, etc. Chicago :
Name of publisher, distributor, etc. Childrens Press,
Date of publication, distribution, etc. 1995.
300 ## - PHYSICAL DESCRIPTION
Extent 31 pages :
Other physical details color illustrations ;
Dimensions 18 cm
440 #0 - SERIES STATEMENT/ADDED ENTRY--TITLE
Title Rookie read-about science
505 ## - FORMATTED CONTENTS NOTE
Formatted contents note N<br/>
520 ## - SUMMARY, ETC.
Summary, etc. A simple description of what magnets are and how they work.
521 8# - TARGET AUDIENCE NOTE
Target audience note 580<br/>
Source Lexile<br/>
521 8# - TARGET AUDIENCE NOTE
Target audience note N<br/>
Source Raz-Plus
650 #0 - SUBJECT ADDED ENTRY--TOPICAL TERM
Topical term or geographic name entry element Magnetism
General subdivision Juvenile literature.
650 #0 - SUBJECT ADDED ENTRY--TOPICAL TERM
Topical term or geographic name entry element Magnets
General subdivision Juvenile literature.
650 #1 - SUBJECT ADDED ENTRY--TOPICAL TERM
Topical term or geographic name entry element Magnetism.
650 #1 - SUBJECT ADDED ENTRY--TOPICAL TERM
Topical term or geographic name entry element Magnets.
906 ## - LOCAL DATA ELEMENT F, LDF (RLIN)
a 7
b cbc
c orignew
d 1
e ocip
f 19
g y-gencatlg
942 ## - ADDED ENTRY ELEMENTS (KOHA)
Source of classification or shelving scheme Dewey Decimal Classification
Koha item type Books
Suppress in OPAC No
Holdings
Withdrawn status Lost status Source of classification or shelving scheme Damaged status Not for loan Collection Home library Current library Shelving location Date acquired Total Checkouts Full call number Barcode Date last seen Date last checked out Price effective from Koha item type Copy number
    Dewey Decimal Classification     Non-Fiction Footprints International School Library Network Toul Kork Campus Footprints International School Library Network Toul Kork Campus TK Primary Library Room(4th Floor), Bookcase 3&4, Shelves 17-32, Yellow Books 10/30/2023 1 FOW 538 QC753.F69 FISTK01636 12/03/2024 08/23/2024 10/30/2023 Books  
    Dewey Decimal Classification     Non-Fiction Footprints International School Library Network Toul Tom Poung Campus Footprints International School Library Network Toul Tom Poung Campus TTP Primary Yellow Bookshelves 08/21/2025   FOW 538 QC753.F69 FISBK01919 08/21/2025   08/21/2025 Books 2